Statistics for Loneliest Cities in the World

Click here to take the quiz!

General Stats

  • This quiz has been taken 66 times
  • The average score is 3 of 6

Answer Stats

Answer% Correct
Perth
89%
Auckland
75%
Honolulu
51%
Manaus
33%
Lima
27%
Antananarivo
25%

Score Distribution

Percentile by Number Answered

Percent of People with Each Score

Your Score History

You have not taken this quiz